[Event "Potsdam Christmas 35th"]
[Site "Potsdam"]
[Date "2010.12.27"]
[Round "1.24"]
[White "Mueller, Klaus"]
[Black "Walter Von Gierke, Frank"]
[Result "1-0"]
[WhiteElo "2002"]
[BlackElo "1600"]
[PlyCount "149"]
[EventDate "2010.12.27"]
[EventType "swiss"]
[EventRounds "7"]
[EventCountry "GER"]
[SourceTitle "EXT 2022"]
[Source "ChessBase"]
[SourceDate "2021.10.06"]
[SourceVersion "1"]
[SourceVersionDate "2021.10.06"]
[SourceQuality "1"]

1. e4 d6 2. d4 Nf6 3. Nc3 g6 4. f3 Bg7 5. Be3 a6 6. a4 Nbd7 7. Qd2 c6 8. Bc4 0-0 9. Nge2 e6 10. Bb3 d5 11. e5 Ne8 12. 0-0 Nc7 13. f4 b5 14. a5 f5 15. Na2 Qe7 16. Qb4 Qxb4 17. Nxb4 Bb7 18. Nc1 Rac8 19. Ncd3 Rf7 20. c3 Bf8 21. Bd1 h5 22. Nc2 Be7 23. b3 Ne8 24. b4 Rg7 25. Kh1 Kh7 26. Nce1 Nc7 27. Nf3 Rh8 28. Nf2 Kg8 29. Nh3 Kf8 30. Bf2 Ke8 31. Bh4 Nf8 32. Bxe7 Kxe7 33. Nh4 Bc8 34. g3 Bd7 35. Ng5 Nh7 36. Ra2 Nxg5 37. fxg5 Be8 38. Ng2 Rgh7 39. Rf4 Bf7 40. Kg1 Ne8 41. Ne1 Nc7 42. Nd3 Be8 43. Rh4 Bf7 44. Nc5 Be8 45. Rf2 Bf7 46. Rff4 Be8 47. Rh3 Bf7 48. Rfh4 Bg8 49. Nd3 Kf7 50. Nf4 Kg7 51. Kf2 Bf7 52. Nd3 Kf8 53. g4 fxg4 54. Bxg4 Bg8 55. Be2 Rf7+ 56. Ke3 Ke7 57. Nf4 Rg7 58. Rf3 Bf7 59. Nd3 Rhg8 60. Rhf4 Be8 61. Rf6 Bf7 62. Nc5 Ra8 63. Nb7 Rf8 64. Nd6 Ne8 65. Bd3 Nxd6 66. exd6+ Kxd6 67. Bxg6 Bxg6 68. Rxf8 Bf5 69. h4 Kc7 70. Rh8 Kb7 71. Kf4 Bg4 72. Rf2 Rf7+ 73. Ke3 Rg7 74. Rf6 Re7 75. g6 1-0